000 00412pab a2200157 454500
008 180718b2015 xxu||||| |||| 00| 0 eng d
100 _aBanerjee, Sumanta
245 _aConfronting the Sangh Parivar: passive and active resistance
260 _c2015
300 _ap.10-13.
362 _a21 Nov
650 _aBJP
650 _aPolitical parties
773 _aEconomic and Political Weekly
909 _a109688
999 _c109683
_d109683